[Event "Rostock SSC op 13th"]
[Site "Rostock"]
[Date "2014.07.25"]
[Round "4"]
[White "Ruesch, Hans Joachim"]
[Black "Marotzke, Joerg"]
[Result "1-0"]
[WhiteElo "2058"]
[BlackElo "1970"]
[PlyCount "79"]
[EventDate "2014.07.23"]
[EventType "swiss"]
[EventRounds "7"]
[EventCountry "GER"]
[SourceTitle "EXT 2018"]
[Source "ChessBase"]
[SourceDate "2017.10.13"]
[SourceVersion "1"]
[SourceVersionDate "2017.10.13"]
[SourceQuality "1"]

1. g3 d5 2. Bg2 c5 3. Nf3 Nc6 4. 0-0 e5 5. d3 Be7 6. c4 d4 7. b4 cxb4 8. a3 Nf6 9. axb4 Bxb4 10. Nxe5 Nxe5 11. Qa4+ Nc6 12. Bxc6+ bxc6 13. Qxb4 Qe7 14. Ba3 Qxb4 15. Bxb4 Nd7 16. Bd6 a5 17. Nd2 a4 18. Nb3 Nb6 19. Nxd4 Kd7 20. Bc5 Kc7 21. Bxb6+ Kxb6 22. Rfb1+ Kc5 23. Nb3+ Kd6 24. c5+ Kd5 25. e4+ Ke5 26. f4+ Kf6 27. Kf2 h5 28. Nd4 Ba6 29. e5+ Kg6 30. Nxc6 Bxd3 31. Rb4 Kh7 32. Ke3 Bc2 33. Nd4 Bb3 34. Nxb3 axb3 35. Rxa8 Rxa8 36. Rxb3 Kg8 37. Ke4 Rd8 38. c6 Kf8 39. c7 Rc8 40. Rb8 1-0